Вопросы обоснования механизма концентрации и импульсного освобождения энергии в недрах земли; Интенсификация технологических процессов на горнорудных предприятиях цветной металлургии

Бібліографічні деталі
Parent link:Интенсификация технологических процессов на горнорудных предприятиях цветной металлургии.— 1977.— С. 29-35
Автор: Нугаев В. К.
Мова:Російська
Опубліковано: 1977
Формат: MixedMaterials Частина з книги
KOHA link:https://koha.lib.tpu.ru/cgi-bin/koha/opac-detail.pl?biblionumber=219527

MARC

LEADER 00000naa2a2200000 4500
001 219527
005 20231031195118.0
035 |a (RuTPU)RU\TPU\book\239607 
035 |a RU\TPU\book\239605 
090 |a 219527 
100 |a 20120710d1977 k y0rusy50 ca 
101 0 |a rus 
102 |a UZ 
200 1 |a Вопросы обоснования механизма концентрации и импульсного освобождения энергии в недрах земли  |f В. К. Нугаев 
320 |a Библиогр.: с. 34-35 (8 назв.) 
463 0 |0 (RuTPU)RU\TPU\book\239568  |t Интенсификация технологических процессов на горнорудных предприятиях цветной металлургии  |o научные труды  |f Среднеазиатский научно-исследовательский и проектный институт цветной металлургии  |v С. 29-35  |d 1977  |p 93 с.  |s Научные труды ; № 19 
700 1 |a Нугаев  |b В. К. 
801 1 |a RU  |b 63413507  |c 20120710 
801 2 |a RU  |b 63413507  |c 20120710  |g RCR 
942 |c BK